000 00484nam a2200181Ia 4500
001 8910
005 20260306160644.0
008 260306t2014||||xx |||||||||||||| ||spa||
041 _aESP
082 _a371.90474
_bM511
100 _aMabaka, Placide Mukwabuhika
_eAUT
245 0 _aLa inclusión de estudiantes con discapacidad en las universidades en el mundo
260 _c2014
300 _a77 páginas :
_c21 cm.
650 _aGEN
654 _aCED
942 _cLIB
_dJUS
_fJUS
_2ddc
_n
999 _c8910
_d8910